00923nam a2200229Ia 4500003000900000008004100009020001800050040001600068080002400084111007500108245015300183260004900336300001300385490005200398650004100450650001900491650002100510700003200531942000700563999001500570952010800585IN-BaIIA211028s9999 xx 000 0 eng d a3-923524-26-9 cIIA Library a524.352(082.2)bESO aESO Workshop on the SN 1987 AcGarching, Germanyd1987 July 6-8915814 0aESO workshop on the SN 1987 Abproceedings of the ESO workshop on the SN 1987 A, held in Garching, Germany, 6-8- July 1987cedited by I. J. Danziger aGermanybEuropean Southern Observatoryc1987 ax, 688p. aESO conference and workshop proceedings; no. 26 aAstronomy and astrophysics thesaurus aSN1987A915815 aSupernova915816 aDanziger, I. J., ed.915817 cBK c9395d9395 00104070aBANbBANcGENd0000-00-00l0o524.352(082.2)/ ESOp10305r2021-11-05w0000-00-00yBKGDM 50